000 00744nam a2200265 i 4500
001 C2-0253045
003 PPAK
005 20180727220146.0
008 040113s1995 my a|||| ||||| | eng d
020 _a9676720895
040 _aPPAK
_beng
_cPPAK
_erda
082 0 4 _a428.6
_223
090 0 0 _a428.6
_bSAV
_dK
100 1 _aSavin, S. M.,
_eauthor
245 1 0 _aBilly-goat and his family
264 1 _aPetaling Jaya, Selangor :
_bPustaka Delta Pelajaran ,
_c1995
300 _a20 pages :
_bcolour illustrations ;
_c21 cm
336 _2rdacontent
_atext
337 _2rdamedia
_aunmediated
338 _2rdacarrier
_avolume
490 1 _aAllamanda readers
650 1 0 _aReaders (Primary)
830 0 _aAllamanda readers
942 _ddc
_cB
999 _c65981
_d65981